00383nam a2200121 a 4500008004100000050001400041245006300055246008400118250001000202260002400212300001600236350000900252120416s1995 ||||||||||||||||| || u aINASP(05)10aScience Publishing in Latin Americacedited by Ard Jongsma aGuadalajara workshop draws Latin American and Caribbean editors closer together ano. 4 aLondonbINASPc1995 a11p. : ill. a0.00